| 000 | 00619nam a2200193Ii 4500 | ||
|---|---|---|---|
| 003 | JO-AjNU | ||
| 008 | 230605s9999||||xx |||||||||||||| ||und|| | ||
| 040 |
_aJO-AjNU _bara _erda _cJO-AjNU |
||
| 041 | _aara | ||
| 050 | 1 | 4 | _aHQ1170 .M3 |
| 100 | 3 |
_aالمودودي، أبو الاعلى , _eauthor _97482 |
|
| 245 | 0 | 0 | _aالحجاب |
| 264 | 3 | 1 | _aد.م: دار نهر النيل للطباعة |
| 300 |
_a221ص _bيحتوي ببلوغرافية |
||
| 336 |
_atext _btxt _2rdacontent |
||
| 337 |
_aunmediated _bn _2rdamedia |
||
| 338 |
_avolume _bnc _2rdacarrier |
||
| 650 | 4 |
_aالمرأة المسلمة - حجاب _97483 |
|
| 999 |
_aA301 _c3869 _d3869 |
||